The in-between world of Kenya's media : (Record no. 29033)

000 -LEADER
fixed length control field 01024cam a2200301 i 4500
001 - CONTROL NUMBER
control field 19110843
005 - DATE AND TIME OF LATEST TRANSACTION
control field 20170926152002.0
008 - FIXED-LENGTH DATA ELEMENTS--GENERAL INFORMATION
fixed length control field 160527s2016 ke a b 000 0 eng
010 ## - LIBRARY OF CONGRESS CONTROL NUMBER
LC control number 2015333358
020 ## - INTERNATIONAL STANDARD BOOK NUMBER
International Standard Book Number 9789966094643
040 ## - CATALOGING SOURCE
Original cataloging agency DLC
Language of cataloging eng
Transcribing agency DLC
Description conventions rda
042 ## - AUTHENTICATION CODE
Authentication code lcode
-- pcc
043 ## - GEOGRAPHIC AREA CODE
Geographic area code f-ke---
050 00 - LIBRARY OF CONGRESS CALL NUMBER
Classification number PN 5499 .P38 2016
100 1# - MAIN ENTRY--PERSONAL NAME
Personal name Patel, Zarina.
245 14 - TITLE STATEMENT
Title The in-between world of Kenya's media :
Remainder of title South Asian journalism, 1900-1992 /
Statement of responsibility, etc. Zarina Patel.
300 ## - PHYSICAL DESCRIPTION
Extent xiv, 200 pages :
Other physical details illustrations (some color) ;
Dimensions 22 x 28 cm
504 ## - BIBLIOGRAPHY, ETC. NOTE
Bibliography, etc Includes bibliographical references (pages 203-204).
650 #0 - SUBJECT ADDED ENTRY--TOPICAL TERM
Topical term or geographic name as entry element South Asians in mass media.
650 #0 - SUBJECT ADDED ENTRY--TOPICAL TERM
Topical term or geographic name as entry element Journalists
Geographic subdivision Kenya.
906 ## - LOCAL DATA ELEMENT F, LDF (RLIN)
a 7
b cbc
c origode
d 3
e ncip
f 20
g y-gencatlg
942 ## - ADDED ENTRY ELEMENTS (KOHA)
Source of classification or shelving scheme
Koha item type Special Collection
Classification part GV 697 .K37 2016
Holdings
Withdrawn status Lost status Source of classification or shelving scheme Damaged status Not for loan Home library Current library Shelving location Date acquired Source of acquisition Total Checkouts Full call number Barcode Date last seen Date last checked out Price effective from Koha item type
          MACHAKOS UNIVERSITY LIBRARY MACHAKOS UNIVERSITY LIBRARY Special Collection 26/09/2017 Donation 1 GV 697 .K37 2016 37000 06/02/2020 06/02/2020 26/09/2017 Special Collection
© Machakos University Library, Along The Highway, Machakos Wote Rd, Machakos, Kenya P.O. Box 136 - 90100 Machakos - Kenya

Tel: ( +254 ) 723 805829 OR Fax : 044-20353 OR Email: library@mksu.ac.ke